NBA Teams Highest PPG Player - Statistics

General Stats
  • This quiz has been taken 79 times
  • The average score is 19 of 30
Answer Stats
Team PPG Season Answer % Correct
Cavaliers 31.1 2005-06 LeBron James
100%
Bucks 31.7 1971-72 Kareem Abdul-Jabbar
95%
76ers 33.5 1955-56 Wilt Chamberlain
95%
Bulls 37.1 1986-87 Michael Jordan
94%
Heat 30.2 2008-09 Dwyane Wade
84%
Thunder 32.0 2013-14 Kevin Durant
83%
Nets 27.5 2004-05 Vince Carter
83%
Raptors 27.6 2000-01 Vince Carter
83%
Rockets 35.4 2018-19 James Harden
81%
Warriors 50.4 1961-62 Wilt Chamberlain
81%
Trailblazers 30.0 2019-20 Damian Lillard
80%
Celtics 29.9 1987-88 Larry Bird
78%
Lakers 38.3 1961-62 Elgin Baylor
72%
Pelicans 28.1 2017-18 Anthony Davis
69%
Spurs 33.1 1979-80 George Gervin
69%
Magic 32.1 2002-03 Tracy McGrady
67%
Nuggets 29.8 1985-86 Alex English
66%
Clippers 34.5 1974-75 Bob McAdoo
64%
Hawks 31.1 1961-62 Bob Pettit
56%
Timberwolves 26.1 2013-14 Kevin Love
55%
Jazz 31.1 1976-77 Pete Maravich
52%
Knicks 32.9 1984-85 Bernard King
44%
Kings 34.0 1972-73 Nate Archibald
42%
Hornets 26.8 1996-97 Glen Rice
38%
Mavericks 29.5 1983-84 Mark Aguirre
31%
Pistons 29.8 2000-01 Jerry Stackhouse
30%
Grizzlies 23.0 1998-99 Shareef Abdur-Rahim
27%
Suns 27.2 1989-90 Tom Chambers
22%
Wizards 31.6 1961-62 Walt Bellamy
19%
Pacers 26.6 1976-77 Billy Knight
2%
No matching quizzes found
Score Distribution
Percent of People with Each Score
Percentile by Number Answered
Your Score History
You have not taken this quiz